000 00742nam a22001937a 4500
999 _c18335
_d18335
003 AR-CdUCM
008 190513b ||||| |||| 00| 0 spa d
040 _aMUNICIPALIDAD PROVINCIAL DEL CUSCO
_cBIBLIOTECA MUNICIPAL DEL CUSCO
082 _a284 /
_bJ21
100 _aJanacek, Josef.
_938852
245 _aLa reforma protestante /
260 _c1966.
_aArgentina :
_bCartago,
300 _a171 páginas ;
_c20 cm.
505 _aContenido : Martin Lutero y el nacimiento de la reforma en Alemania -- Tres caminos de la reforma -- Evolución de la reforma de Ulrico Zwinglio en Suiza -- La reforma en Francia e Inglaterra ...
650 _aEuropa.
_91221
650 _aContrarreforma.
_9123
942 _2ddc
_cLIBROS
945 _arum
_d2019-05-13